[Event "ICS rated blitz match"]
[Site "207.99.83.227"]
[Date "1999.05.09"]
[Round "?"]
[White "attakinski"]
[Black "Hossa"]
[Result "1-0"]
[WhiteElo "2616"]
[BlackElo "2565"]
[Annotator "Crafty v16.6"]
[PlyCount "132"]

{annotating for player ossa using a scoring margin of +0.20 pawns. search time
limit is 1:00} 1. d4 1... Nf6 2. c4 d6 3. Nc3 Nbd7 4. e4 e5 5. Nf3 Be7 6. Be2
O-O 7. O-O c5 ({10:-0.48} 7... c5 8. d5 Nb6 9. Qd3 Bg4 10. Be3 Qd7 11. Rad1
Rad8 12. Ng5 $14) ({10:-0.11} 7... exd4 8. Nxd4 Nc5 9. Bf3 Ncd7 10. Nf5 Ne5 11.
Nxe7+ Qxe7 12. Be2 Bg4 13. Nd5 Nxd5 14. Bxg4 Nxg4 15. Qxd5 $10) 8. d5 Nb6 9. b3
Ng4 10. Ne1 Nf6 11. f4 Nfd7 ({11:-0.07} 11... Nfd7 12. a4 Rb8 13. a5 Na8 14.
Nb5 a6 15. Na7 Nc7 16. Nxc8 Rxc8 17. Qd3 exf4 18. Bxf4 $10) ({11:+0.15} 11...
exf4 12. Bxf4 Nbd7 13. Qd2 Ne5 14. Nd3 Nfd7 15. Nxe5 Nxe5 16. Bxe5 dxe5 17. Nb5
Bg5 18. Qd3 $10) 12. Nf3 Bf6 ({11:-0.06} 12... Bf6 13. f5 Be7 14. Qd3 Re8 15.
Bd2 Nf6 16. Rad1 Bd7 17. Bg5 17... Ng4 $10) ({11:+0.31} 12... exf4 13. Bxf4 Bf6
14. Rc1 Qe7 15. Nb5 Ne5 16. Nxe5 Bxe5 17. Qd3 Bd7 18. Bh5 Bxf4 19. Rxf4 Bxb5
20. cxb5 $15) 13. f5 a5 14. Be3 Qe7 15. Nb5 a4 16. Rb1 axb3 17. axb3 Ra6 ({
11:-0.39} 17... Ra6 18. g4 h6 19. Qd2 Nb8 20. g5 hxg5 21. Nxg5 N8d7 22. Ra1
Rxa1 23. Rxa1 23... Re8 $14) ({11:-0.10} 17... Rd8 18. g4 h6 19. Qd2 Nf8 20. g5
hxg5 21. Nxg5 Bd7 22. Nc3 Nh7 23. Nxh7 23... Kxh7 $10) 18. Ra1 Nb8 19. Qd2 Rxa1
20. Rxa1 Na6 21. g4 h6 ({11:-0.59} 21... h6 22. h4 Qd7 23. g5 hxg5 24. Nxg5 Qe7
25. Bh5 Bd7 26. Nc3 Nb4 27. Ra7 $14) ({11:-0.12} 21... Qd7 22. Na7 Qc7 23. Nxc8
Rxc8 24. g5 Be7 25. Nh4 Ra8 26. Bh5 Qd8 27. Nf3 $10) 22. g5 hxg5 23. Nxg5 Bd7
24. Ra5 Kh8 ({10:-0.61} 24... Kh8 25. Bh5 Be8 26. Qg2 Bxg5 27. Qxg5 f6 28. Qh4
Bxh5 29. Qxh5+ Kg8 30. Qg6 30... Ra8 $14) ({10:-0.23} 24... Nc8 25. h3 Bxb5 26.
cxb5 Nc7 27. Ra1 g6 28. Rf1 Nb6 29. Bc4 29... Qd7 $10) 25. Bd1 Kg8 26. Bh5 Be8
27. Ra1 Bxb5 28. cxb5 Nb4 ({10:-0.29} 28... Nb4 29. h4 Bxg5 30. hxg5 Ra8 31.
Rxa8+ Nxa8 32. Qe2 Nb6 33. Kg2 Kf8 34. Kg3 34... Nd7 $10) ({10:+0.10} 28... Nc7
29. Be2 Qd7 30. Ra5 Bxg5 31. Bxg5 f6 32. Be3 Ra8 33. Rxa8+ Ncxa8 34. h4 34...
Nc7 $10) 29. Ra7 Qc7 ({11:-0.48} 29... Qc7 30. h4 Bxg5 31. hxg5 Ra8 32. Rxa8+
Nxa8 33. Qg2 Nb6 34. g6 f6 35. Qe2 Qe7 36. Kg2 $14) ({11:-0.03} 29... Bxg5 $10)
30. h4 Qb8 31. Ra1 Qc7 32. Kh2 Qd7 33. Qe2 N6xd5 34. exd5 Nxd5 35. Bxf7+ Rxf7
36. Nxf7 Qxf7 37. Ra8+ Kh7 38. Bg5 Nb6 39. Rb8 Nd7 40. Rxb7 Bxg5 41. hxg5 Qxf5
42. Ra7 d5 43. Qh5+ Kg8 44. Ra2 Nf8 45. b6 Qf4+ 46. Kg1 Qg3+ 47. Rg2 Qxb3 48.
Rf2 Qg3+ 49. Kf1 Qd3+ 50. Kg2 Qe4+ 51. Kh2 g6 52. Qh3 Qd4 53. Kg1 Qa1+ 54. Kg2
Qe1 55. b7 Qb1 56. Qf3 Ne6 57. Qf7+ Kh8 58. Qe8+ Kh7 59. Rf7+ Ng7 60. Rxg7+
Kxg7 61. Qxe5+ Kf7 62. Qxd5+ Ke7 63. Qe5+ Kd7 64. b8=Q Qc2+ 65. Kf3 Qd3+ 66.
Qe3 Qf5+ 1-0

[Event "ICS rated blitz match"]
[Site "207.99.83.227"]
[Date "1999.05.09"]
[Round "?"]
[White "Hossa"]
[Black "Hartge"]
[Result "1-0"]
[WhiteElo "2551"]
[BlackElo "2287"]
[PlyCount "80"]

1. e4 d6 2. d4 Nf6 3. Nc3 g6 4. Nf3 Bg7 5. Be2 c6 6. O-O O-O 7. Bg5 h6 8. Bf4
Be6 9. Qd2 g5 10. Nxg5 hxg5 11. Bxg5 Nbd7 12. Bh6 Qa5 13. Bxg7 Kxg7 14. d5 cxd5
15. Qg5+ Kh8 16. exd5 Nxd5 17. Bf3 N7f6 18. Nxd5 Bxd5 19. c4 Rfc8 20. Bxd5 Nxd5
21. cxd5 Rc7 22. Rae1 f6 23. Qg6 e6 24. Qxf6+ Rg7 25. dxe6 Qxa2 26. Re3 Qd5 27.
Rg3 Qe5 28. Qxg7+ Qxg7 29. Rxg7 Kxg7 30. f4 Kf6 31. f5 d5 32. g4 Rg8 33. h3 d4
34. Ra1 Rc8 35. Rxa7 d3 36. Kf2 Rc2+ 37. Ke3 d2 38. Ke2 Rxb2 39. Ra8 Ke7 40.
Rg8 40... b5 {Hartge resigns} 1-0

[Event "ICS rated blitz match"]
[Site "207.99.83.227"]
[Date "1999.05.09"]
[Round "?"]
[White "PostModernist"]
[Black "Hossa"]
[Result "1-0"]
[WhiteElo "2635"]
[BlackElo "2555"]
[Annotator "Crafty v16.6"]
[PlyCount "257"]

{annotating for player ossa using a scoring margin of +0.20 pawns. search time
limit is 1:00} 1. e4 1... e5 2. Nf3 Nf6 3. Nxe5 Qe7 4. Nf3 Nxe4 ({10:-1.08} 
4... Nxe4 5. Be2 d5 6. O-O Bg4 7. d3 Nf6 8. Re1 Nc6 9. Bf1 $16) ({10:-0.04} 
4... Qxe4+ 5. Be2 Be7 6. O-O O-O 7. Nc3 Qg4 8. Ne5 Qd4 9. Nf3 9... Qf4 $10) 5.
Be2 Qd8 6. d3 Nf6 7. O-O Be7 8. Re1 O-O 9. Nc3 Re8 10. Ng5 d5 11. Bf4 d4 12.
Nce4 Nd5 13. Bh5 g6 14. Qf3 Nxf4 ({9:+0.97} 14... Nxf4 15. Qxf4 f5 16. Ng3 Bd7
17. Ne6 Bxe6 18. Rxe6 gxh5 19. Qxf5 19... h4 $17) ({9:+1.70} 14... Rf8 15. Bd2
gxh5 16. Qxh5 Bf5 17. Re2 Nc6 18. Rae1 18... Ne5 $19) 15. Qxf4 f5 16. Ng3 gxh5
({10:+0.00} 16... gxh5 17. Nxf5 Bxf5 18. Qxf5 Bxg5 19. Rxe8+ Qxe8 20. Qxg5+ Kf8
21. Qh6+ Kg8 22. Qg5+ $10) ({10:+0.66} 16... Rf8 17. Ne6 Bxe6 18. Rxe6 gxh5 19.
Nxf5 Bf6 20. Nh6+ Kg7 21. Nf5+ Kh8 22. Qh6 22... Bg5 $15) 17. Nxf5 Bxf5 18.
Qxf5 Bxg5 19. Rxe8+ Qxe8 20. Qxg5+ Kh8 21. Qf6+ Kg8 22. Qg5+ Kh8 23. Qf6+ Kg8
24. Qxd4 Nc6 25. Qc4+ Qf7 26. Qb5 Rb8 27. Qg5+ Kh8 28. c3 Rg8 29. Qe3 Re8 30.
Qd2 Qe6 31. d4 Qe2 32. Qc1 Rf8 33. Qe1 Qxb2 34. Rb1 Qxa2 35. Rxb7 Qa5 36. h4 a6
37. Kh1 Rd8 38. Qe6 Qa1+ 39. Kh2 Qa3 40. Qf6+ Kg8 41. Qe6+ Kh8 42. Qf6+ Kg8 43.
Qxc6 Qd6+ 44. Qxd6 cxd6 45. Ra7 d5 46. Rxa6 Rf8 47. Kg1 Kg7 48. g3 Rf7 49. Re6
Rd7 50. Kf1 Rd8 51. Ke2 h6 52. Re5 Kg6 53. Re6+ Kg7 54. Re5 Kg6 55. f4 Rd6 56.
Ke3 Rd8 57. Re6+ Kg7 58. f5 Rd7 59. Rg6+ Kh7 60. Rc6 Re7+ 61. Kf3 Re1 62. Kf2
Rc1 63. Rc7+ Kg8 64. Ke2 Rc2+ 65. Ke3 Rg2 66. Kf3 Rb2 67. Rd7 Rc2 68. Rc7 Rb2
69. Rc5 Rc2 70. Rc6 Kg7 71. Rg6+ Kf7 72. Rc6 Kg7 73. Kf4 Ra2 74. Ke5 Rf2 75.
Rc7+ Kg8 76. Rc8+ Kf7 77. Rc7+ Kg8 78. Kf6 Rg2 79. Rc8+ Kh7 80. Rc7+ Kg8 81.
Rg7+ Kh8 82. Rg6 Kh7 83. Rg7+ Kh8 84. Rg6 Kh7 85. Kf7 Rb2 86. Re6 Rg2 87. Re3
Rb2 88. Ke6 Rb5 89. Re1 Rb3 90. Re3 Rb5 91. Rf3 Ra5 92. f6 Kg8 93. Rf5 Ra6+ 94.
Ke7 Ra7+ 95. Ke8 Ra8+ 96. Ke7 Ra7+ 97. Ke6 Ra6+ 98. Kxd5 Ra5+ 99. Ke6 Ra6+ 100.
Ke7 Ra7+ 101. Ke8 Ra8+ 102. Ke7 Ra7+ 103. Ke6 Ra6+ 104. Ke5 Kf7 105. d5 Ra3
106. Rf3 Rb3 107. d6 Rb5+ 108. Ke4 Ke6 109. f7 Rb8 110. f8=Q Rxf8 111. Rxf8
Kxd6 112. Rf6+ Kc5 113. Rxh6 Kc4 114. Rxh5 Kxc3 115. Rd5 Kb4 116. g4 Kc4 117.
g5 Kc3 118. g6 Kc4 119. g7 Kc3 120. g8=Q Kc4 121. Ra5+ Kc3 122. Qa2 Kb4 123.
Qa3+ Kc4 124. Qd3+ Kb4 125. Rb5+ Ka4 126. Qc4+ Ka3 127. Ra5+ Kb2 128. Ra2+ Kb1
129. Qc2# 1-0

[Event "ICS rated blitz match"]
[Site "207.99.83.227"]
[Date "1999.05.09"]
[Round "?"]
[White "sergor"]
[Black "Hossa"]
[Result "1-0"]
[WhiteElo "2313"]
[BlackElo "2529"]
[Annotator "Crafty v16.6"]
[PlyCount "206"]

{annotating for player ossa using a scoring margin of +0.20 pawns. search time
limit is 1:00} 1. d4 1... Nf6 2. c4 d6 3. Nf3 g6 4. Nc3 Bg7 5. e4 Bg4 6. Be2
O-O 7. Be3 Nc6 8. d5 Na5 ({10:-1.26} 8... Na5 9. b4 Nxd5 10. Nxd5 Bxf3 11. gxf3
Bxa1 12. Qxa1 c6 13. Bh6 cxd5 14. Bxf8 Kxf8 15. bxa5 dxe4 16. fxe4 16... Qxa5+
$16) ({10:-0.56} 8... Nb8 9. Ng5 Bxe2 10. Qxe2 c6 11. O-O Nbd7 12. Bd4 cxd5 13.
exd5 Nc5 14. Rae1 $14) 9. Nd2 Bxe2 10. Qxe2 c6 ({10:-0.93} 10... c6 11. b4 cxd5
12. bxa5 Qxa5 13. Rc1 dxe4 14. O-O Qe5 15. Rfe1 $16) ({10:-0.50} 10... c5 11.
a3 b6 12. O-O Qd7 13. Bg5 Rae8 14. Qe3 Ng4 15. Qf4 $14) 11. O-O cxd5 12. exd5
b6 13. Rac1 Qd7 14. b4 Nb7 15. Nb3 Rae8 16. Rfd1 Qg4 17. h3 Qxe2 18. Nxe2 Nd7
19. Ned4 a5 20. a3 e5 21. Nc6 a4 22. Na1 Kh8 23. Nc2 Rc8 24. f3 Nd8 25. b5 Nb7
26. N2b4 Nbc5 27. Na6 Nb3 28. Rc2 Bf6 29. Nab4 Bh4 30. Nd3 f5 31. f4 e4 32.
Ndb4 Nbc5 33. Nd4 Rfe8 34. Nbc6 Rc7 35. Kh2 Bf6 36. g3 Bg7 37. Re2 Rcc8 38. Rc2
Bh6 39. Re2 Rc7 40. Kg2 Nf8 41. Rc2 Rb7 42. Re2 Kg8 43. g4 fxg4 44. hxg4 Rf7
45. Kg3 Bg7 46. Rf1 Kh8 47. Rh2 Bf6 48. Rfh1 Nfd7 49. g5 Bxd4 50. Nxd4 Kg8 51.
Kg4 Rc8 52. Nc6 Nd3 53. Kg3 N7c5 54. Rh4 Rcf8 55. Nd4 Re8 56. Rh6 Rd8 57. Ne6
Rc8 58. Bd4 Rb7 59. Rxg6+ hxg6 60. Rh8+ Kf7 61. Rxc8 Nxe6 62. dxe6+ Kxe6 63.
Rg8 Rf7 64. Rxg6+ Kd7 65. Rg7 Rxg7 66. Bxg7 Ke6 67. Bd4 Kf5 68. Bxb6 Nb2 69. c5
Nc4 70. Ba7 dxc5 71. Bxc5 Na5 72. b6 Nb7 73. Bd4 Nd6 74. Be5 Nb7 75. Kf2 Na5
76. Ke2 Kg6 77. Bc3 Nb7 78. Bb4 Kf5 79. Ke3 Nd8 80. g6 Kxg6 81. Kxe4 Kg7 82. f5
Kf6 83. Bc3+ Ke7 84. Kd5 Kd7 85. f6 Nf7 86. Bb4 Kc8 87. Kc6 Nd8+ 88. Kb5 Kb7
89. Bc5 Nf7 90. Bf2 Ne5 91. Kxa4 Kc6 92. Kb3 Nd7 93. f7 Kd6 94. a4 Ke7 95. a5
Nb8 96. Kc4 Nc6 97. Kb5 Ne5 98. a6 Nxf7 99. Bg3 Nh6 100. a7 Kf7 101. a8=Q Kg7
102. b7 Ng4 103. b8=Q Kf6 1-0

[Event "ICS rated blitz match"]
[Site "207.99.83.227"]
[Date "1999.05.09"]
[Round "?"]
[White "Hossa"]
[Black "egghead"]
[Result "1/2-1/2"]
[WhiteElo "2504"]
[BlackElo "2500"]
[PlyCount "198"]

1. e4 e5 2. f4 exf4 3. Nf3 g5 4. h4 g4 5. Ne5 Nf6 6. Bc4 d5 7. exd5 Bd6 8. Bb5+
Nbd7 9. Nxg4 Qe7+ 10. Kf2 Bc5+ 11. d4 Nxg4+ 12. Qxg4 Bxd4+ 13. Kf1 Qe4 14. Qe2
Qxe2+ 15. Kxe2 a6 16. c3 Be5 17. Ba4 b5 18. Bb3 Nc5 19. Kf3 Bb7 20. Bxf4 Nxb3
21. Bxe5 Bxd5+ 22. Kf2 f6 23. Bxf6 O-O 24. axb3 Rxf6+ 25. Ke3 Re8+ 26. Kd4 Bxg2
27. Rg1 Rd6+ 28. Kc5 Re2 29. c4 Rc6+ 30. Kb4 bxc4 31. Ra5 cxb3 32. Rg5+ Rg6 33.
Rxg6+ hxg6 34. Kxb3 Kf7 35. Nc3 Rd2 36. Re1 Rd4 37. Re2 Bc6 38. Rf2+ Ke6 39.
Rh2 Bb5 40. Rh3 Bc4+ 41. Kc2 Kd7 42. Rh2 c5 43. Rh3 Rf4 44. Rh2 Be6 45. Kd3
Bf5+ 46. Ke3 Rb4 47. Rd2+ Ke6 48. Rh2 Ke5 49. Kf3 Rf4+ 50. Ke3 a5 51. h5 gxh5
52. Rxh5 Rg4 53. Rh8 Rg3+ 54. Kf2 Rd3 55. Ke2 Rd7 56. Ke3 Rb7 57. Rh2 Rg7 58.
Re2 Kd6 59. Rd2+ Kc6 60. Rf2 Re7+ 61. Kf4 Bd3 62. Rd2 c4 63. Rd1 Rg7 64. Kf3
Rg5 65. Rd2 Re5 66. Kf4 Re1 67. Rg2 Re8 68. Rd2 Re6 69. Rd1 Kc5 70. Ra1 Kb4 71.
Ra3 Re1 72. Kf3 Re5 73. Kf4 Rf5+ 74. Ke3 Rg5 75. Kd4 Rg4+ 76. Ke3 Bc2 77. Kf3
Rd4 78. Ke3 Rd3+ 79. Ke2 a4 80. Na2+ Kc5 81. Nc3 Kd4 82. Nb5+ Ke5 83. Nc3 Kf4
84. Kf2 Rf3+ 85. Ke1 Ke5 86. Ra1 Bd3 87. Nd1 c3 88. bxc3 Bb5 89. c4 Bc6 90. Ke2
Ke4 91. Rc1 a3 92. Nc3+ Ke5 93. c5 Rh3 94. Kd2 Rh8 95. Ra1 Ra8 96. Nb1 a2 97.
Nc3 Kd4 98. Rxa2 Rxa2+ 99. Nxa2 99... Kxc5 {
Game drawn because neither player has mating material} 1/2-1/2

[Event "ICS rated blitz match"]
[Site "207.99.83.227"]
[Date "1999.05.09"]
[Round "?"]
[White "Mysterios"]
[Black "Hossa"]
[Result "1-0"]
[WhiteElo "2379"]
[BlackElo "2504"]
[Annotator "Crafty v16.6"]
[PlyCount "58"]

{annotating for player ossa using a scoring margin of +0.20 pawns. search time
limit is 1:00} 1. Nf3 1... d5 2. d4 Nf6 3. e3 e6 4. Bd3 c5 5. c3 Nbd7 6. O-O
Bd6 7. Na3 a6 8. c4 cxd4 9. cxd5 exd5 10. exd4 O-O 11. Re1 Bxa3 12. bxa3 Re8
13. Rxe8+ Qxe8 14. Qb3 Qe6 15. Bf4 Qg4 16. Bg3 b6 ({10:-1.36} 16... b6 17. Qc2
Bb7 18. h3 Qe6 19. Ng5 Qe7 20. Bxh7+ Kh8 21. Bf5 21... Re8 $16) ({10:-0.70} 
16... Nf8 17. Re1 Qd7 18. Bh4 Nh5 19. Re7 Qd6 20. Qb4 Qf4 21. Qd2 $14) 17. Qc2
Bb7 ({11:-4.19} 17... Bb7 18. Bf5 Rc8 19. Qxc8+ Bxc8 20. Bxg4 Nxg4 21. Rc1 Bb7
22. Rc7 Nxh2 23. Kxh2 $18) ({11:-1.83} 17... Nf8 18. Qc6 Ra7 19. Rc1 Bf5 20.
Qxb6 Ra8 21. Bxa6 Ne6 22. Qc6 22... Re8 $18) 18. Bf5 Qh5 19. Bxd7 Nxd7 20. Qc7
Qf5 21. Re1 Nf6 22. Qxb7 Re8 23. Rxe8+ Nxe8 24. Qxb6 Qd3 ({11:-5.14} 24... Qd3
25. h4 Qc4 26. Qd8 Qc1+ 27. Kh2 Qc6 28. Qe7 f6 29. h5 a5 30. Bf4 30... Kh8 $18)
({11:-4.64} 24... Qc8 25. Qc5 Qb7 26. Qc2 a5 27. Qe2 Nf6 28. Qe1 a4 29. Bh4 Ne4
30. Ne5 $18) 25. h3 Qc4 ({11:-5.67} 25... Qc4 26. Ne5 Qc1+ 27. Kh2 Qc8 28. Nc6
Qe6 29. Qxa6 Qe4 30. Qf1 Nf6 31. Be5 31... Nh5 $18) ({11:-5.06} 25... Qb5 26.
Qd8 Qc6 27. Qe7 f6 28. h4 g6 29. Kh2 a5 30. Bf4 30... Kh8 $18) 26. Ne5 Qc1+ 27.
Kh2 Qc8 28. Qc6 Qe6 29. Qxe6 fxe6 1-0

[Event "ICS rated blitz match"]
[Site "207.99.83.227"]
[Date "1999.05.09"]
[Round "?"]
[White "Hossa"]
[Black "Mysterios"]
[Result "1-0"]
[WhiteElo "2486"]
[BlackElo "2410"]
[PlyCount "55"]

1. e4 d6 2. d4 Nf6 3. Nc3 g6 4. Nf3 Bg7 5. Be2 c6 6. O-O O-O 7. Bg5 h6 8. Bf4
Be6 9. Qd2 g5 10. Nxg5 hxg5 11. Bxg5 Nbd7 12. Bh6 Qa5 13. Bxg7 Kxg7 14. d5 cxd5
15. Qg5+ Kh8 16. exd5 Nxd5 17. Bf3 N7f6 18. Nxd5 Bxd5 19. c4 Rac8 20. cxd5 Rc2
21. Rae1 Qxa2 22. Qh6+ Kg8 23. Re4 Nxe4 24. Bxe4 f5 25. Bxc2 Qxd5 26. Rd1 Qf7
27. Rd3 Qg7 28. Rg3 {Mysterios resigns} 1-0

[Event "ICS rated blitz match"]
[Site "207.99.83.227"]
[Date "1999.05.09"]
[Round "?"]
[White "Mysterios"]
[Black "Hossa"]
[Result "1-0"]
[WhiteElo "2397"]
[BlackElo "2497"]
[Annotator "Crafty v16.6"]
[PlyCount "87"]

{annotating for player ossa using a scoring margin of +0.20 pawns. search time
limit is 1:00} 1. Nf3 1... d5 2. d4 Nf6 3. e3 e6 4. Bd3 Nbd7 5. Bd2 Be7 6. O-O
c5 7. Nc3 O-O 8. b3 cxd4 9. exd4 a6 10. Re1 Bd6 11. a4 b6 12. a5 bxa5 13. Ne2
Bc7 14. Ng3 Bb7 15. Bc3 Rc8 16. Qd2 Bxg3 17. hxg3 Ne4 18. Bxe4 dxe4 19. Bxa5
Qf6 20. Nh2 Nb8 21. c4 Nd7 22. Qb4 e3 ({11:-1.28} 22... e3 23. fxe3 Bc6 24. Qd6
Nb8 25. e4 Bb7 26. Ng4 Qg5 27. Qf4 27... Qe7 $16) ({11:-0.62} 22... Ba8 23. Qd6
Nb8 24. Nf1 Rc6 25. Qe5 Nd7 26. Qxf6 Nxf6 27. g4 Bb7 28. g5 $14) 23. f3 Ba8 24.
Qd6 Nb8 25. Ng4 Qf5 26. Rxe3 Nc6 ({9:-1.68} 26... Nc6 27. Bb6 Bb7 28. Qd7 Ba8
29. Rxa6 Nb8 30. Qxc8 Rxc8 31. Rxa8 $18) ({9:-1.43} 26... Qc2 27. Ne5 Nc6 28.
Nxc6 Bxc6 29. Bb4 Rfd8 30. Qe5 Bb7 31. Be7 $16) 27. Bb6 h5 ({9:-2.10} 27... h5
28. Ne5 Nb8 29. Rc1 Nc6 30. Nd7 Rfe8 31. Bc5 31... Bb7 $18) ({9:-1.69} 27...
Qc2 28. d5 exd5 29. Qxd5 Rce8 30. Qd3 Qxd3 31. Rxd3 Nb4 32. Rd7 32... Re2 $18)
28. Ne5 Nb8 29. Rae1 Rfe8 30. Bc7 Bb7 31. Nd3 Nc6 32. Bb6 Nb8 33. d5 Qg5 34.
dxe6 fxe6 35. Rxe6 Rf8 36. R1e5 Qd2 37. Re7 Qd1+ 38. Kh2 Rc6 39. Rxg7+ Kxg7 40.
Rg5+ Kf7 41. Rf5+ Kg7 42. Qxf8+ Kh7 43. Rf7+ Kg6 44. Qg7# 1-0

[Event "ICS rated blitz match"]
[Site "207.99.83.227"]
[Date "1999.05.09"]
[Round "?"]
[White "Hossa"]
[Black "Mysterios"]
[Result "0-1"]
[WhiteElo "2477"]
[BlackElo "2424"]
[Annotator "Crafty v16.6"]
[PlyCount "119"]

{annotating for player ossa using a scoring margin of +0.20 pawns. search time
limit is 1:00} 1. e4 1... c5 2. Nc3 Nc6 3. Nf3 g6 4. Bb5 a6 5. Bxc6 dxc6 6. d3
Bg7 7. Be3 b6 8. Qd2 Bg4 9. O-O-O Nf6 10. d4 cxd4 11. Bxd4 Bxf3 12. gxf3 Qc7
13. Qe3 c5 14. Bxf6 Bxf6 15. Nd5 Qd6 16. f4 Bd4 17. Rxd4 ({9:+0.27} 17. Rxd4
17... cxd4 18. Qxd4 f6 19. Qxb6 Qxb6 20. Nxb6 Rb8 21. Nd5 21... Kd7 $10) ({
9:+0.72} 17. Qf3 17... Kf8 18. h4 e6 19. Ne3 Rd8 20. Nc4 Qc6 21. Ne5 $16) 17...
cxd4 18. Qxd4 O-O-O 19. Qxb6 e6 20. Qxd6 Rxd6 21. Nf6 h5 22. Rd1 Rhd8 23. Rxd6
Rxd6 24. b3 Kb7 25. f3 Rd4 26. h4 Kc6 27. a3 ({13:+0.00} 27. a3 27... Kd6 28.
e5+ Kc5 29. Ne4+ Kb6 30. c4 Rd3 31. Nd2 Rd4 32. Ne4 $10) ({13:+0.38} 27. Nh7
27... Kd6 28. c4 Ke7 29. Ng5 f6 30. Nh3 Rd3 31. Ng1 e5 32. Kc2 Re3 33. fxe5
33... fxe5 $14) 27... Kc5 28. Nh7 Kd6 29. Ng5 e5 30. c3 Rd3 31. Kc2 Re3 32.
Nxf7+ Ke7 33. Nxe5 Re2+ 34. Kd3 Rb2 35. Nxg6+ Kf6 36. f5 Rxb3 37. Nf4 Rxa3 38.
Nxh5+ Kf7 39. e5 Ra4 40. e6+ Ke7 41. c4 Ra3+ 42. Ke4 Rc3 43. f4 a5 44. Kd4 Rh3
45. c5 Rxh4 46. Ke5 Rxh5 47. c6 Kd8 48. Kd6 Rh6 49. c7+ Kc8 50. Ke5 Kxc7 51. f6
Kd8 52. f5 a4 53. f7 Ke7 54. f8=Q+ Kxf8 55. Kd6 a3 56. Kd7 Rh7+ 57. Kd6 a2 58.
Kd5 a1=Q 59. Ke4 Rh4+ 60. Kd5 0-1

[Event "ICS rated blitz match"]
[Site "207.99.83.227"]
[Date "1999.05.09"]
[Round "?"]
[White "egghead"]
[Black "Hossa"]
[Result "0-1"]
[WhiteElo "2500"]
[BlackElo "2459"]
[PlyCount "73"]

1. d4 Nf6 2. c4 d6 3. Nc3 Nbd7 4. e4 e5 5. d5 Be7 6. Be3 O-O 7. f3 Nb6 8. Bd3
Nfd7 9. f4 exf4 10. Bxf4 Bh4+ 11. g3 Bg5 12. Bxg5 Qxg5 13. Nf3 Qh6 14. Qe2 Nc5
15. Nb5 Bh3 16. Bc2 a6 17. Nbd4 Rae8 18. b4 Nca4 19. Nd2 Nb2 20. Bb3 Bg4 21.
N2f3 N2xc4 22. a4 f5 23. Bc2 fxe4 24. Bxe4 Nd2 25. Qxd2 Rxe4+ 26. Kd1 Qxd2+ 27.
Kxd2 Bxf3 28. Nxf3 Rxf3 29. Rae1 Rxb4 30. Rb1 Rxa4 31. Ke2 Rf5 32. Rhd1 Ra2+
33. Ke3 Nxd5+ 34. Rxd5 Rxd5 35. Rxb7 c6 36. Rc7 Rc2 37. Ke4 {egghead resigns}
0-1

[Event "ICS rated blitz match"]
[Site "207.99.83.227"]
[Date "1999.05.09"]
[Round "?"]
[White "Hossa"]
[Black "sicillianknight"]
[Result "0-1"]
[WhiteElo "2477"]
[BlackElo "2597"]
[Annotator "Crafty v16.6"]
[PlyCount "85"]

{annotating for player ossa using a scoring margin of +0.20 pawns. search time
limit is 1:00} 1. e4 1... c5 2. Nc3 Nc6 3. Nf3 g6 4. Bb5 Bg7 5. d3 Qa5 6. O-O
Bxc3 7. Bxc6 dxc6 8. bxc3 Qxc3 9. Rb1 Qa5 10. Rb2 Bg4 11. Rxb7 Qxa2 12. Be3 c4
13. Bd4 ({9:-0.01} 13. Bd4 13... f6 14. e5 Qa6 15. exf6 Qxb7 16. f7+ Kxf7 17.
Bxh8 17... Qd7 $10) ({9:+0.29} 13. Rc7 13... Qa6 14. dxc4 Qxc4 15. Qa1 Nf6 16.
Qe5 Qe6 17. Bxa7 Bxf3 18. Qxe6 fxe6 19. gxf3 $10) 13... f6 14. Qd2 Qa6 15. Rb4
({10:-0.52} 15. Rb4 15... Bxf3 16. gxf3 cxd3 17. Ra1 Qc8 18. Qxd3 a5 19. Rba4
e5 20. Bc5 $15) ({10:+0.00} 15. Rfb1 15... Bxf3 16. gxf3 cxd3 17. cxd3 e5 18.
Bc5 Rd8 19. R1b3 $10) 15... Bxf3 16. gxf3 cxd3 17. Ra1 Qc8 18. Qxd3 a5 19. Rbb1
({11:-0.12} 19. Rbb1 19... Nh6 20. Bb6 a4 21. Rb4 Qh3 22. Qc4 Rc8 23. Qd3 O-O
24. Rbxa4 $10) ({11:+0.25} 19. Rba4 19... e5 20. Bc5 Qc7 21. Qc3 Qd7 22. Rxa5
Rxa5 23. Rxa5 Qd1+ 24. Kg2 Qe2 25. Ra7 $10) 19... Nh6 20. Bb6 Qh3 21. Bxa5 Nf7
22. f4 Qg4+ 23. Qg3 Qe2 24. f5 ({10:-1.08} 24. f5 24... Ng5 25. Bb4 Rxa1 26.
Rxa1 Kf7 27. Qb3+ Kg7 28. Ra7 Nf3+ 29. Kg2 Nh4+ 30. Kh3 Qxe4 31. Rxe7+ $17) ({
10:+0.00} 24. Qd3 24... Qg4+ 25. Qg3 $10) 24... Ng5 25. Rb8+ ({8:-1.58} 25.
Rb8+ 25... Kf7 26. Rxh8 Rxh8 27. Qb3+ Kg7 28. Qe3 Qg4+ 29. Kf1 Qxe4 30. Qxe4
Nxe4 31. f3 $19) ({8:-1.08} 25. Bb4 25... Rxa1 26. Rxa1 Kf7 27. Qb3+ Kg7 28.
Ra7 Nf3+ 29. Kg2 Nh4+ 30. Kh3 Qxe4 31. Rxe7+ $17) 25... Kf7 26. fxg6+ hxg6 27.
Rxa8 Rxa8 28. Qd3 Qg4+ 29. Kf1 ({9:-2.65} 29. Kf1 29... Nf3 30. Qc4+ Kg7 31.
Qa4 Nxh2+ 32. Ke1 Nf3+ 33. Kf1 Nd2+ 34. Ke1 Nxe4 35. Qd4 Qg1+ 36. Ke2 36... Qg2
$19) ({9:-1.96} 29. Kh1 29... Nxe4 30. Qb3+ Kf8 31. Qe3 Qf5 32. f4 g5 33. fxg5
Nxg5 34. Qc3 34... e6 $19) 29... Nf3 30. Qb3+ Kg7 31. Qa4 Nxh2+ 32. Ke1 Nf3+
33. Ke2 Nd4+ 34. Kd3 c5 35. Kc4 Qxe4 36. f3 Qe2+ 37. Kxc5 Qe5+ 38. Kc4 Rc8+ 39.
Kd3 Nxc2 40. Qe4 Qxa1 41. Qxe7+ Kh8 42. Bc7 Qd1+ 43. Kc4 0-1

[Event "ICS rated blitz match"]
[Site "207.99.83.227"]
[Date "1999.05.09"]
[Round "?"]
[White "Hossa"]
[Black "PostModernist"]
[Result "0-1"]
[WhiteElo "2466"]
[BlackElo "2637"]
[Annotator "Crafty v16.6"]
[PlyCount "246"]

{annotating for player ossa using a scoring margin of +0.20 pawns. search time
limit is 1:00} 1. e4 1... c5 2. Nc3 Nc6 3. Nf3 d6 4. d4 cxd4 5. Nxd4 Nf6 6. Bc4
({11:+0.25} 6. Bc4 6... e5 7. Nxc6 bxc6 8. Bg5 Be7 9. Qd3 O-O 10. O-O-O Ne8 11.
Bxe7 Qxe7 12. f3 $10) ({11:+0.73} 6. Bb5 6... Bd7 7. O-O e5 8. Nb3 a6 9. Bc4 b5
10. Bd3 Bg4 11. Qd2 $16) 6... Qb6 7. Nxc6 bxc6 8. O-O g6 9. Rb1 Bg7 10. Be3 Qc7
11. a4 Ng4 12. Bf4 Bxc3 13. bxc3 O-O 14. Be2 Nf6 15. Bh6 Re8 16. Qd3 c5 17. Bf3
({9:+0.14} 17. Bf3 17... Ng4 18. Bxg4 Bxg4 19. Rb2 Qc6 20. f3 Bd7 21. a5 21...
e5 $10) ({9:+0.44} 17. Ra1 17... Ng4 18. Bxg4 Bxg4 19. h3 Be6 20. Rfd1 Rab8 21.
Rab1 21... Qd7 $14) 17... Bg4 18. e5 Bxf3 19. exf6 Bc6 20. fxe7 Qxe7 21. a5 Be4
22. Qg3 ({10:-0.49} 22. Qg3 22... Bxc2 23. Rbc1 Bf5 24. Rcd1 Rad8 25. c4 Qe5
26. Qg5 26... Qe2 $15) ({10:+0.18} 22. Qd2 22... Qf6 23. f3 Bc6 24. Rfd1 Re6
25. Bf4 d5 26. Bh6 26... Rae8 $10) 22... Bxc2 23. Rb2 Bf5 24. Rd2 Rad8 25. c4
Be6 26. Re1 Qc7 27. Qc3 f6 28. Bf4 Qe7 29. Red1 ({9:-0.52} 29. Red1 29... d5
30. cxd5 Rxd5 31. Be3 Rh5 32. Rd6 Rc8 33. Bf4 33... Bg4 $15) ({9:-0.30} 29. Bg3
29... g5 30. Rde2 Qf7 31. Qd3 Kg7 32. Rc1 d5 33. cxd5 33... Rxd5 $10) 29... d5
30. cxd5 Rxd5 31. Rc1 g5 32. Re1 Qd7 33. Be3 Rxd2 34. Bxd2 Qe7 35. Bc1 c4 36.
Bb2 Kg7 37. Qe3 h6 38. f4 Qb7 39. Qf2 gxf4 40. Bc3 Bf7 41. Rf1 Re4 42. Qh4 Qc6
43. Rf2 Qd6 44. Qg4+ Bg6 45. Rd2 Qc5+ 46. Kf1 h5 47. Rd7+ Kh6 48. Qh4 Qb5 49.
Rd6 Qb1+ 50. Kf2 Re2+ 51. Kxe2 Bd3+ 52. Rxd3 Qxd3+ 53. Kf2 Qe3+ 54. Kf1 Qd3+
55. Kf2 Qe3+ 56. Kf1 Qxc3 57. Qxf4+ Kg6 58. Qe4+ f5 59. Qe8+ Kh6 60. Qe6+ Kg5
61. Qe7+ Kg4 62. Qe2+ Kg5 63. Qe7+ Qf6 64. Qxa7 Qe5 65. g3 c3 66. Qd7 h4 67.
Qd8+ Kg6 68. gxh4 Qf4+ 69. Ke1 Qe4+ 70. Kd1 Qb1+ 71. Ke2 Qe4+ 72. Kf2 Qf4+ 73.
Ke1 Qe4+ 74. Kd1 Qb1+ 75. Ke2 Qc2+ 76. Ke3 Qe4+ 77. Kf2 c2 78. Qg5+ Kf7 79.
Qh5+ Ke6 80. Qh6+ Kd5 81. a6 Qd4+ 82. Kg2 Qg4+ 83. Kf2 Qd4+ 84. Kg2 Qb2 85.
Qd2+ Kc6 86. a7 Kb7 87. Qd7+ Ka8 88. Qc8+ Kxa7 89. Qc5+ Ka6 90. Qc6+ Ka5 91.
Qc5+ Ka4 92. Qa7+ Kb3 93. Qf7+ Kb4 94. Qe7+ Kc4 95. Qf7+ Kb4 96. Qe7+ Kc4 97.
Qf7+ Kc5 98. Qxf5+ Kb6 99. Qe6+ Ka7 100. Qe3+ Ka6 101. Qe2+ Ka5 102. Qd2+ Ka4
103. Qd7+ Qb5 104. Qa7+ Kb3 105. Qf7+ Kb2 106. Qg7+ Kb1 107. Qh7 Qd5+ 108. Kf2
Kb2 109. Qg7+ Kb3 110. Qg3+ Kc4 111. Qg6 c1=Q 112. Qa6+ Kd4 113. Qf6+ Kd3 114.
Qg6+ Qe4 115. Qa6+ Qcc4 116. Qxc4+ Qxc4 117. Kg3 Ke3 118. h5 Qf4+ 119. Kg2 Qf3+
120. Kg1 Qd1+ 121. Kg2 Qf3+ 122. Kg1 Qf2+ 123. Kh1 Qf1# 0-1